Aboualsaud v Aboukhater and Aboukhater (Record no. 79384)
[ view plain ]
| 000 -LEADER | |
|---|---|
| fixed length control field | 01442cai a22002175a 4500 |
| 001 - CONTROL NUMBER | |
| control field | L140945 |
| 008 - FIXED-LENGTH DATA ELEMENTS--GENERAL INFORMATION | |
| fixed length control field | 071022u20070919xxk f v 000 0 eng d |
| 035 ## - SYSTEM CONTROL NUMBER | |
| System control number | (Sirsi) u140945 |
| 041 0# - LANGUAGE CODE | |
| Language code of text/sound track or separate title | eng |
| 245 00 - TITLE STATEMENT | |
| Title | Aboualsaud v Aboukhater and Aboukhater |
| Medium | [electronic resource] |
| 260 ## - PUBLICATION, DISTRIBUTION, ETC. | |
| Date of publication, distribution, etc. | 2007 |
| 520 ## - SUMMARY, ETC. | |
| Summary, etc. | [2007] EWHC 2122 (QB). Case no: HQ05x02239. 19 September 2007. Agreements between friends should be recorded in writing to ensure that they are enforceable. Fact: The Claimant (Aboualsaud), claimed £15mcommission from the sale of a hotel for allegedly introducing the defendants to a buyer. A deal was agreed and the hotel sold to a group of companies for £150m. The defendants denied there had been a binding oral agreement to pay commission and that they had not been introduced to the eventual buyer. Issues: whether there was an agency agreement between the parties; if so, whether the introduction to a buyer was an effective cause of the sale of the hotel. Held: claimant had no proof of any agreement and was also not the cause of the sale. |
| 590 ## - LOCAL NOTE (RLIN) | |
| Local note | ka |
| 650 24 - SUBJECT ADDED ENTRY--TOPICAL TERM | |
| Topical term or geographic name entry element | BREACH OF CONTRACT |
| 650 24 - SUBJECT ADDED ENTRY--TOPICAL TERM | |
| Topical term or geographic name entry element | CONTRACTS OF AGENCY |
| 650 24 - SUBJECT ADDED ENTRY--TOPICAL TERM | |
| Topical term or geographic name entry element | Aboualsaud v Aboukhater and another |
| 651 #4 - SUBJECT ADDED ENTRY--GEOGRAPHIC NAME | |
| Geographic name | England and Wales |
| Chronological subdivision | 1543- |
| 690 ## - LOCAL SUBJECT ADDED ENTRY--TOPICAL TERM (OCLC, RLIN) | |
| Topical term or geographic name as entry element | MANAGEMENT-BUSINESS MANAGEMENT-PROFESSIONAL PRACTICE |
| 856 48 - ELECTRONIC LOCATION AND ACCESS | |
| Uniform Resource Identifier | <a href="https://www.bailii.org/ew/cases/EWHC/QB/2007/2122.html">https://www.bailii.org/ew/cases/EWHC/QB/2007/2122.html</a> |
| Public note | View the judgment free of charge at www.bailii.org... |
| 942 ## - ADDED ENTRY ELEMENTS (KOHA) | |
| Suppress in OPAC | 0 |
| Withdrawn status | Lost status | Source of classification or shelving scheme | Damaged status | Not for loan | Home library | Current library | Shelving location | Date acquired | Total Checkouts | Full call number | Barcode | Date last seen | Copy number | Price effective from | Koha item type |
|---|---|---|---|---|---|---|---|---|---|---|---|---|---|---|---|
| Dewey Decimal Classification | Virtual | Virtual | Online | 22/10/2007 | ONLINE PUBLICATION | 140945-1001 | 06/08/2019 | 1 | 06/08/2019 | Law report |